| 000 | 00628nam a22002057a 4500 | ||
|---|---|---|---|
| 003 | 0 | ||
| 005 | 20250107122251.0 | ||
| 008 | 250107b xxu||||| |||| 00| 0 eng d | ||
| 020 | _a9781647254858 | ||
| 050 |
_aQD 151.3 _b.C56 2024 |
||
| 100 |
_aClose, Dennis _eauthor. |
||
| 245 |
_aInorganic chemistry : _bthe basics / _cDennis Close. |
||
| 260 |
_aForest Hills, NY : _bNY Research Press, _c2024. |
||
| 300 |
_aviii, 233 p. : _bcol. ill. ; _c27 cm. |
||
| 504 | _aIncludes bibliographical references and index. | ||
| 650 | _aChemistry, Inorganic. | ||
| 650 | _aChemistry. | ||
| 650 | _aInorganic compounds. | ||
| 942 |
_2lcc _cBK |
||
| 999 |
_c366907 _d366907 |
||